LEADER 01350nam a2200301 u 4500 001 000000047322 003 CaOOAMICUS 005 20070226114854.0 008 990907s1989 it u000 u ita u 020 $a8870429962 035 $a10832094 040 $aMSA$bita 245 00$aChiesa cattolica e guerra civile in Spagna nel 1936 /$ca cura di Mario Tedeschi. 260 $aNapoli :$bGuida,$c1989. 300 $a265 p. ;$c23 cm 490 1 $aActa Neapolitana ;$v13 500 $a"Atti del Convegno ... Napoli-Montecassino 5-6 giugno 1987". 650 4$aFascismo e Chiesa cattolica.$0(OLS)http://pul/subject/5350 651 4$aSpagna$xStoria$xCongressi$yGuerra civile, 1936-1939.$0(OLS)http://pul/subject/16287 830 0$aActa Neapolitana ;$v13.$0(OLS)http://pul/title/63699 850 $aPUL 852 $aPUL$W1$xDP1 Fondo Venturi$y52$m1551 B 6$j63258$nBK-PRI$b $qFondi$B63258$CPULBib$Z2$F63258 $81 852 $aPUL$W1$xDP1 Fondo G. Barberini$y122$m4 A 17$j115073$nBK-PRI$b 2 copia$qFondi$B180174$CPULBib$Z2$F180174 $HBar2161 $81 941 1 $a1 961 $aINV: Fondo Venturi 996 $6020$a8870429962$9(OLS)http://pul/number/59014 996 $6245$aChiesa cattolica e guerra civile in Spagna nel 1936$9(OLS)http://pul/title/63698 996 $6260$aNapoli :$bGuida$9(OLS)http://pul/publisher/50764 LEADER 01458nam a2200325 u 4500 001 000000047365 003 CaOOAMICUS 005 20070226114857.0 008 990917s1999 mnu u000 u eng u 020 $a0800660633 035 $a10832827 040 $aIPA$bita$dPUL 100 1 $aOsiek, Carolyn.$0(OLS)http://pul/name/25840 245 10$aShepherd of Hermas :$ba commentary /$cby Carolyn Osiek ; edited by Helmut Koester. 260 $aMinneapolis :$bFortress Press,$c1999. 300 $axxi, 292 p. ;$c25 cm 490 1 $aHermeneia : a critical and historical commentary on the Bible 500 $aComprende indici. 504 $a"Bibliography": p. 265-268. 600 04$aHermas,$dsec. II.$tPastor$9(Hermas, sec. II).$0(OLS)http://pul/subject/19954 700 1 $aKoester, Helmut,$d1926-$0(OLS)http://pul/name/11122 700 0 $aHermas,$dsec. II.$tPastor$9(Hermas, sec. II)$lInglese.$0(OLS)http://pul/name/34429 830 0$aHermeneia : a critical and historical commentary on the Bible.$0(OLS)http://pul/title/16749 850 $aPUL 852 $aPUL$W1$xSL Religione 1$y3$m6(1) Eb 3$j63307$nBK-PRI$b $qStampati$B63307$CPULBib$Z2$F63307 $H $81 941 1 $a8 961 $aINV: 87868 996 $6020$a0800660633$9(OLS)http://pul/number/59099 996 $6245$aShepherd of Hermas :$ba commentary$9(OLS)http://pul/title/63753 996 $6260$aMinneapolis :$bFortress Press$9(OLS)http://pul/publisher/52703